[Event "GER-chT Christmas U16 Lasker"]
[Site "Playchess.com INT"]
[Date "2020.12.28"]
[Round "7.1"]
[White "Maas, Kolja"]
[Black "Pougin, Elias"]
[Result "0-1"]
[WhiteElo "1559"]
[BlackElo "1838"]
[PlyCount "91"]
[EventDate "2020.12.28"]
[EventType "team-swiss (blitz)"]
[EventRounds "7"]
[EventCountry "GER"]
[SourceTitle "CBM 200 Extra"]
[Source "ChessBase"]
[SourceDate "2021.03.31"]
[SourceVersion "1"]
[SourceVersionDate "2021.03.31"]
[SourceQuality "1"]
[WhiteTeam "Luebeck II"]
[BlackTeam "Gern SF"]
[WhiteTeamCountry "GER"]
[BlackTeamCountry "GER"]

1. e4 c5 2. Nf3 d6 3. d4 cxd4 4. Nxd4 Nf6 5. Nc3 a6 6. Bg5 e6 7. Bd3 Be7 8. 0-0 Nbd7 9. Re1 0-0 10. Qe2 Ne5 11. f4 Nxd3 12. cxd3 Qb6 13. Qf2 e5 14. fxe5 dxe5 15. Nf5 Qxf2+ 16. Kxf2 Ng4+ 17. Kg3 Bxg5 18. Kxg4 Bd2 19. Re2 Bxc3 20. bxc3 g6 21. h4 gxf5+ 22. exf5 f6 23. Rb1 b5 24. d4 exd4 25. cxd4 Bd7 26. Kf4 Rfe8 27. Rc2 Rac8 28. Rbc1 Rxc2 29. Rxc2 Rc8 30. Rxc8+ Bxc8 31. g4 h6 32. Ke4 Bb7+ 33. d5 Kf7 34. Kd4 Ke7 35. Kc5 Kd7 36. a3 Kc7 37. g5 hxg5 38. h5 Bc8 39. d6+ Kd8 40. Kb6 Bxf5 41. Kxa6 g4 42. Kxb5 g3 43. a4 g2 44. a5 g1Q 45. a6 Bd3+ 46. Kc6 0-1

[Event "GER-chT U14"]
[Site "Magdeburg"]
[Date "2018.12.29"]
[Round "6.4"]
[White "Weidemann, Jakob"]
[Black "Maas, Kolja"]
[Result "1/2-1/2"]
[WhiteElo "1533"]
[BlackElo "1573"]
[PlyCount "41"]
[EventDate "2018.12.27"]
[EventType "team-swiss"]
[EventRounds "7"]
[EventCountry "GER"]
[SourceTitle "CBM 188 Extra"]
[Source "ChessBase"]
[SourceDate "2019.02.26"]
[SourceVersion "1"]
[SourceVersionDate "2019.02.26"]
[SourceQuality "1"]
[WhiteTeam "Muenster"]
[BlackTeam "Luebeck"]
[WhiteTeamCountry "GER"]
[BlackTeamCountry "GER"]

1. e4 e5 2. Nf3 Nf6 3. Nxe5 d6 4. Nf3 Nxe4 5. Nc3 Nxc3 6. dxc3 Nc6 7. Be3 Bg4 8. Be2 Be7 9. 0-0 0-0 10. Nd4 Bxe2 11. Qxe2 Qd7 12. Nxc6 Qxc6 13. Bxa7 Rxa7 14. Qxe7 Re8 15. Qh4 Ra4 16. Qh3 h6 17. Rfe1 Rxe1+ 18. Rxe1 Rxa2 19. Qc8+ Kh7 20. Qf5+ Kg8 21. Qc8+ 1/2-1/2

[Event "GER-ch U12"]
[Site "Willingen"]
[Date "2016.05.21"]
[Round "11"]
[White "Maas, Kolja"]
[Black "Ewerhardy, Moritz"]
[Result "0-1"]
[WhiteElo "1432"]
[BlackElo "1387"]
[PlyCount "148"]
[EventDate "2016.05.15"]
[EventType "swiss"]
[EventRounds "11"]
[EventCountry "GER"]
[SourceTitle "CBM 172 Extra"]
[Source "ChessBase"]
[SourceDate "2016.06.21"]
[SourceVersion "1"]
[SourceVersionDate "2016.06.21"]
[SourceQuality "1"]

1. e4 c5 2. Nf3 d6 3. d4 cxd4 4. Nxd4 Nf6 5. Nc3 g6 6. Be3 Bg7 7. f3 0-0 8. Qd2 Nc6 9. 0-0-0 Bd7 10. Nb3 Ne5 11. h3 Rc8 12. Kb1 a6 13. Be2 b5 14. g4 Nc4 15. Bxc4 bxc4 16. Nd4 a5 17. Nde2 a4 18. a3 Qc7 19. e5 Ne8 20. exd6 Nxd6 21. Bh6 Rfd8 22. Bxg7 Kxg7 23. Nd5 Qb7 24. Nxe7 c3 25. Qd4+ Kf8 26. Nxg6+ hxg6 27. Qxd6+ Kg8 28. Qb4 Qxf3 29. Nxc3 Be6 30. Rxd8+ Rxd8 31. Qe4 Qg3 32. Qxa4 Rb8 33. Qd4 Qg2 34. Qg1 Qc6 35. Qe1 Qc5 36. Kc1 Qb6 37. b3 Bxb3 38. cxb3 Qxb3 39. Qe5 Qb2+ 40. Kd1 Rd8+ 41. Ke1 Qc1+ 42. Kf2 Qxh1 43. Qg3 Re8 44. Qd3 Qh2+ 45. Kf1 Qh1+ 46. Kf2 Re1 47. a4 Qg1+ 48. Kf3 Qf1+ 49. Qxf1 Rxf1+ 50. Kg2 Ra1 51. Ne4 Rxa4 52. Ng3 Ra2+ 53. Kh1 Kg7 54. Nf1 Kf6 55. Ne3 Kg5 56. Ng2 f5 57. gxf5 gxf5 58. Kg1 f4 59. Kf1 f3 60. Ne1 Kf4 61. h4 Kg3 62. h5 Ra1 63. h6 f2 64. Ke2 Rxe1+ 65. Kd2 Re8 66. h7 f1Q 67. h8Q Rxh8 68. Kc3 Qf3+ 69. Kd4 Rh4+ 70. Ke5 Re4+ 71. Kd5 Qd3+ 72. Kc5 Rc4+ 73. Kb5 Qb3+ 74. Ka6 Ra4# 0-1

[Event "GER-ch U12"]
[Site "Willingen"]
[Date "2016.05.20"]
[Round "10"]
[White "Gallasch, Jonas"]
[Black "Maas, Kolja"]
[Result "1-0"]
[WhiteElo "1564"]
[BlackElo "1432"]
[PlyCount "61"]
[EventDate "2016.05.15"]
[EventType "swiss"]
[EventRounds "11"]
[EventCountry "GER"]
[SourceTitle "CBM 172 Extra"]
[Source "ChessBase"]
[SourceDate "2016.06.21"]
[SourceVersion "1"]
[SourceVersionDate "2016.06.21"]
[SourceQuality "1"]

1. Nf3 Nf6 2. c4 g6 3. d4 Bg7 4. g3 0-0 5. Bg2 d6 6. 0-0 Bg4 7. Nc3 c6 8. Qc2 Nfd7 9. Rd1 Bxf3 10. Bxf3 e5 11. d5 cxd5 12. Bxd5 Nc6 13. Bxc6 bxc6 14. Rxd6 Qc7 15. Qd1 Rad8 16. Be3 Nb6 17. c5 Nc4 18. Rxd8 Rxd8 19. Qc1 Nxe3 20. Qxe3 Qa5 21. Ne4 f5 22. Nd6 Qb4 23. Rb1 e4 24. a3 Qb8 25. b4 Rd7 26. Qb3+ Kf8 27. Qa4 Rc7 28. b5 cxb5 29. Rxb5 Qd8 30. Qb3 Rd7 31. Rb8 1-0